Ler e escrever no escuro (Record no. 62886)

MARC details
000 -LÍDER
campo de controle de tamanho fixo 00376 a2200157 4500
001 - NÚMERO DE CONTROLE
campo de controle 62886
020 ## - ISBN - INTERNATIONAL STANDARD BOOK NUMBER
ISBN - International Standard Book Number 9788577533381
040 ## - FONTE DA CATALOGAÇÃO
Instituição que transcreveu o registro Anchieta - Pituba
100 ## - ENTRADA PRINCIPAL--NOME PESSOAL
Nome pessoal Schittine, Denise Ferreira de Araújo
240 10 - TÍTULO UNIFORME
Título uniforme Ler e escrever no escuro
Idioma da obra por
245 10 - TÍTULO
Título Ler e escrever no escuro
300 ## - DESCRIÇÃO FÍSICA
Extensão 461
362 0# - DATAS DE PUBLICAÇÃO E/OU DESIGNAÇÃO SEQUENCIAL
Datas de publicação e/ou designação sequencial 2016
650 #4 - ASSUNTO--TERMO TÓPICO
Cabeçalho tópico ou nome geográfico Literatura brasileira
942 ## - ELEMENTOS DE ENTRADA ADICIONADOS (KOHA)
Tipo de material Koha Livros
Holdings
Situação do descarte Situação das perdas Situação física Não pode ser emprestado Biblioteca de origem Biblioteca atual Data de aquisição Total de empréstimos Número de chamada completo Código de barras Data de último acesso Data do preço efetivo Tipo de material Koha
        Colégio Anchieta - Pituba Colégio Anchieta - Pituba 21/11/2023   869.9 S337l SCH LER 16156/PIT 21/11/2023 21/11/2023 Livros
        Colégio Anchieta - Pituba Colégio Anchieta - Pituba 21/11/2023   869.9 S337l SCH LER 16258/PIT 21/11/2023 21/11/2023 Livros
        Colégio Anchieta - Pituba Colégio Anchieta - Pituba 21/11/2023   869.9 S337l SCH LER 16259/PIT 21/11/2023 21/11/2023 Livros